Nugu Kpop Girl Groups - Sudden Death - Statistics

General Stats
  • This quiz has been taken 98 times
  • The average score is 6 of 20
Answers on the Grid
Answers color-coded by a green-red scale on the quiz's grid according to % correct below.
33hours
3YE
ADYA
AQUA
ARVVY
Aseed
Babyboo
Beautybox
CRAXY
DDGirls
f5ve
FAINIT
GeeLy
HI CUTIE
I.MET.U
ICU
iLy
ILY:1
JIJI
LaLaGirls
MINIMANI
PINKee
PoshGirls
Q6ix
SATURDAY
StarRise
TWICE
ViVViD
We;Na
WorldGirls
 
Answer Stats
Answer % Correct
3YE
64%
CRAXY
57%
ADYA
55%
ILY:1
52%
Beautybox
34%
SATURDAY
34%
I.MET.U
30%
ARVVY
29%
Q6ix
29%
MINIMANI
27%
HI CUTIE
23%
ICU
23%
Babyboo
20%
AQUA
18%
PoshGirls
18%
DDGirls
14%
We;Na
14%
LaLaGirls
13%
FAINIT
11%
Aseed
9%
No matching quizzes found
Score Distribution
Percent of People with Each Score
Percentile by Number Answered
Your Score History
You have not taken this quiz